[Event "Nuremberg Zabo op 23rd"]
[Site "Nuremberg"]
[Date "2023.09.17"]
[Round "5"]
[White "Leopold, Christian"]
[Black "Kost, Andreas"]
[Result "1-0"]
[WhiteElo "2064"]
[BlackElo "1569"]
[PlyCount "115"]
[EventDate "2023.09.15"]
[EventType "swiss"]
[EventRounds "5"]
[EventCountry "GER"]
[SourceTitle "EXT 2024"]
[Source "ChessBase"]
[SourceDate "2023.10.10"]
[SourceVersion "1"]
[SourceVersionDate "2023.10.10"]
[SourceQuality "1"]

1. d4 d5 2. Nf3 Nf6 3. g3 c6 4. Bg2 Bf5 5. c4 e6 6. Nc3 Bd6 7. Qb3 Qb6 8. c5 Qxb3 9. axb3 Bc7 10. b4 Nbd7 11. Nh4 Bc2 12. 0-0 h6 13. f4 0-0 14. Nf3 Bf5 15. Ne5 a5 16. b5 Bxe5 17. fxe5 Ne4 18. Nxe4 dxe4 19. b6 f6 20. exf6 Nxf6 21. Ra4 Nd5 22. e3 Bg6 23. Rxf8+ Kxf8 24. Bd2 Ke7 25. h3 e5 26. dxe5 Ke6 27. Bxe4 Bxe4 28. Rxe4 a4 29. Rg4 g5 30. e4 Ne7 31. h4 Rg8 32. hxg5 h5 33. Rh4 Rh8 34. g4 Ng6 35. Rxh5 Rg8 36. Bc3 Rg7 37. Rh6 Rg8 38. Kg2 Kd7 39. Rh7+ Kc8 40. Kg3 Re8 41. Rg7 Nf8 42. Rc7+ Kb8 43. Rf7 Ne6 44. g6 Nxc5 45. g7 Ne6 46. Re7 Nxg7 47. Rxg7 Rd8 48. e6 Kc8 49. Be5 Rd3+ 50. Kf4 Rd8 51. Rc7+ Kb8 52. Rd7+ Kc8 53. Rxd8+ Kxd8 54. Bd6 Ke8 55. Kf5 a3 56. Bxa3 c5 57. Bxc5 Kd8 58. g5 1-0

[Event "Nuremberg Zabo op 23rd"]
[Site "Nuremberg"]
[Date "2023.09.16"]
[Round "2"]
[White "Schaefer, Ann Kathrin"]
[Black "Leopold, Christian"]
[Result "1/2-1/2"]
[WhiteElo "1671"]
[BlackElo "2064"]
[PlyCount "39"]
[EventDate "2023.09.15"]
[EventType "swiss"]
[EventRounds "5"]
[EventCountry "GER"]
[SourceTitle "EXT 2024"]
[Source "ChessBase"]
[SourceDate "2023.10.10"]
[SourceVersion "1"]
[SourceVersionDate "2023.10.10"]
[SourceQuality "1"]

1. d4 d5 2. Nf3 Nf6 3. e3 Bf5 4. Nh4 Bg4 5. f3 Bh5 6. g4 Bg6 7. Nxg6 hxg6 8. Bg2 e6 9. e4 dxe4 10. fxe4 c6 11. Bf4 Qb6 12. b3 Na6 13. c3 Rd8 14. Qe2 Be7 15. Nd2 c5 16. Nc4 Qc6 17. Ne5 Qb6 18. Nc4 Qc6 19. Ne5 Qb6 20. Nc4 1/2-1/2

[Event "Mittelfranken-chTB1 1819"]
[Site "Mittelfranken"]
[Date "2019.04.28"]
[Round "9.1"]
[White "Leopold, Christian"]
[Black "Sarec, Ivica"]
[Result "1/2-1/2"]
[WhiteElo "1996"]
[BlackElo "2041"]
[PlyCount "46"]
[EventDate "2018.10.14"]
[EventType "team-tourn"]
[EventRounds "9"]
[EventCountry "GER"]
[SourceTitle "EXT 2022"]
[Source "ChessBase"]
[SourceDate "2021.10.06"]
[SourceVersion "1"]
[SourceVersionDate "2021.10.06"]
[SourceQuality "1"]
[WhiteTeam "Nuernberg Zabo Eintracht"]
[BlackTeam "Herzogenaurach II"]
[WhiteTeamCountry "GER"]
[BlackTeamCountry "GER"]

1. e4 c5 2. Nc3 Nc6 3. g3 g6 4. Bg2 Bg7 5. d3 d6 6. Be3 e5 7. Qd2 Nge7 8. Nge2 0-0 9. 0-0 b6 10. f4 Nd4 11. Nc1 Rb8 12. Nd1 exf4 13. Bxf4 Ne6 14. Bh6 d5 15. Bxg7 Kxg7 16. exd5 Nxd5 17. Ne2 Bb7 18. Ndc3 Nxc3 19. Nxc3 c4 20. Bxb7 Rxb7 21. Qg2 Rb8 22. Rad1 Qd4+ 23. Qf2 Qxf2+ 1/2-1/2

[Event "Mittelfranken-chTB1 1819"]
[Site "Mittelfranken"]
[Date "2018.10.14"]
[Round "1.1"]
[White "Hofmann, Lorenz"]
[Black "Leopold, Christian"]
[Result "0-1"]
[WhiteElo "1998"]
[BlackElo "1996"]
[PlyCount "120"]
[EventDate "2018.10.14"]
[EventType "team-tourn"]
[EventRounds "9"]
[EventCountry "GER"]
[SourceTitle "EXT 2022"]
[Source "ChessBase"]
[SourceDate "2021.10.06"]
[SourceVersion "1"]
[SourceVersionDate "2021.10.06"]
[SourceQuality "1"]
[WhiteTeam "Lauf SV"]
[BlackTeam "Nuernberg Zabo Eintracht"]
[WhiteTeamCountry "GER"]
[BlackTeamCountry "GER"]

1. e4 e5 2. Nf3 Nc6 3. Nc3 Nf6 4. Bc4 Be7 5. d3 d6 6. Be3 Na5 7. Bb5+ c6 8. Ba4 b5 9. Bb3 0-0 10. Nd2 Ng4 11. 0-0 Nxe3 12. fxe3 Nxb3 13. axb3 Bg5 14. Qe1 Be6 15. Rc1 b4 16. Nd1 a5 17. Nf3 Be7 18. Nf2 a4 19. bxa4 Rxa4 20. Ra1 Qa5 21. Qd1 Rxa1 22. Qxa1 Ra8 23. Qxa5 Rxa5 24. Rb1 f6 25. Kf1 Bd8 26. Ke2 Bb6 27. h3 Kf7 28. Nd1 Ra2 29. Nd2 g5 30. g4 Kg6 31. Nf1 h5 32. Nf2 hxg4 33. hxg4 d5 34. exd5 cxd5 35. Kd2 f5 36. gxf5+ Bxf5 37. Ng3 Be6 38. Ne2 g4 39. d4 exd4 40. Nxd4 Bxd4 41. exd4 Bf5 42. Nd3 Bxd3 43. Kxd3 Kf5 44. Ke3 Ra8 45. c3 Re8+ 46. Kf2 Kf4 47. Rg1 Ra8 48. Rb1 g3+ 49. Kg2 bxc3 50. Rf1+ Kg4 51. bxc3 Ra2+ 52. Kg1 Rc2 53. Rf8 Rxc3 54. Rg8+ Kf3 55. Rf8+ Ke4 56. Kg2 Kxd4 57. Rf4+ Kc5 58. Rg4 d4 59. Rg8 Re3 60. Rc8+ Kd5 0-1

[Event "Nuremberg Zabo op 20th"]
[Site "Nuremberg"]
[Date "2018.09.16"]
[Round "4"]
[White "Leopold, Christian"]
[Black "Hirn, Oskar"]
[Result "1/2-1/2"]
[WhiteElo "1966"]
[BlackElo "2140"]
[PlyCount "64"]
[EventDate "2018.09.15"]
[EventType "swiss"]
[EventRounds "5"]
[EventCountry "GER"]
[SourceTitle "EXT 2020"]
[Source "ChessBase"]
[SourceDate "2019.10.17"]
[SourceVersion "1"]
[SourceVersionDate "2019.10.17"]
[SourceQuality "1"]

1. e4 c5 2. Nc3 Nc6 3. g3 g6 4. Bg2 Bg7 5. d3 Nf6 6. Be3 d6 7. h3 0-0 8. Nge2 Rb8 9. Qd2 b5 10. 0-0 b4 11. Nd1 Re8 12. f4 Nd7 13. c3 bxc3 14. bxc3 Ba6 15. g4 Qb6 16. g5 Qb5 17. Nc1 Qa5 18. Re1 Nd4 19. Kh2 Nb5 20. Ne2 Na3 21. Rc1 Nb1 22. Qc2 Na3 23. Qd2 Nb6 24. c4 Qxd2 25. Bxd2 Na4 26. Nec3 Nb2 27. Nf2 Nbxc4 28. dxc4 Nxc4 29. Red1 Rb2 30. Be1 Ne3 31. Rd2 Reb8 32. Ncd1 Nxd1 1/2-1/2

[Event "Nuremberg Zabo op 20th"]
[Site "Nuremberg"]
[Date "2018.09.15"]
[Round "2"]
[White "Hollmann, Thomas"]
[Black "Leopold, Christian"]
[Result "0-1"]
[WhiteElo "1450"]
[BlackElo "1966"]
[PlyCount "117"]
[EventDate "2018.09.15"]
[EventType "swiss"]
[EventRounds "5"]
[EventCountry "GER"]
[SourceTitle "EXT 2020"]
[Source "ChessBase"]
[SourceDate "2019.10.17"]
[SourceVersion "1"]
[SourceVersionDate "2019.10.17"]
[SourceQuality "1"]

1. e4 c5 2. Nc3 Nc6 3. Nf3 g6 4. d4 cxd4 5. Nxd4 Bg7 6. Be3 d6 7. Bb5 Bd7 8. 0-0 Nf6 9. Qd2 0-0 10. Rae1 Ng4 11. Bxc6 Nxe3 12. Qxe3 bxc6 13. f4 Rb8 14. b3 Qb6 15. e5 c5 16. Nd5 Qd8 17. Nf3 e6 18. Nc3 d5 19. Qxc5 Rc8 20. Qe3 Qa5 21. Ne2 Rxc2 22. a4 Rfc8 23. Nfd4 R2c7 24. Rc1 Bf8 25. Rxc7 Rxc7 26. Rc1 Bc5 27. Kf1 Bb4 28. Rxc7 Qxc7 29. Qc1 Qxc1+ 30. Nxc1 Bc8 31. Nce2 Ba6 32. Kf2 Bc5 33. Kf3 Bd3 34. Nc6 Be4+ 35. Kg3 Be3 36. Ned4 Kf8 37. Nf3 h6 38. h4 Ke8 39. Kg4 Kd7 40. Ncd4 Bxd4 41. Nxd4 Bxg2 42. h5 Be4 43. Nb5 Bc2 44. hxg6 fxg6 45. Nd4 Bf5+ 46. Kh4 a5 47. Nb5 Kc6 48. Nd6 Kc5 49. Nf7 h5 50. Kg5 d4 51. Nh8 d3 52. Nxg6 Bxg6 53. Kxg6 d2 54. f5 exf5 55. e6 d1Q 56. e7 Qe2 57. Kf7 f4 58. e8Q Qxe8+ 59. Kxe8 0-1

[Event "Nuremberg Zabo op 19th"]
[Site "Nuremberg"]
[Date "2017.09.17"]
[Round "5"]
[White "Weber, Alexander"]
[Black "Leopold, Christian"]
[Result "1/2-1/2"]
[WhiteElo "1801"]
[BlackElo "1956"]
[PlyCount "32"]
[EventDate "2017.09.15"]
[EventType "swiss"]
[EventRounds "5"]
[EventCountry "GER"]
[SourceTitle "EXT 2022"]
[Source "ChessBase"]
[SourceDate "2021.10.06"]
[SourceVersion "1"]
[SourceVersionDate "2021.10.06"]
[SourceQuality "1"]

1. b3 d6 2. Bb2 e5 3. e4 f5 4. exf5 Bxf5 5. Qf3 Qc8 6. Bb5+ c6 7. Bd3 Bg4 8. Qg3 Nf6 9. Nc3 Be7 10. h3 Be6 11. Nf3 Nh5 12. Qh2 0-0 13. 0-0-0 Nd7 14. Be2 Nf4 15. Rde1 Nxe2+ 16. Rxe2 c5 1/2-1/2

[Event "Nuremberg Zabo op 19th"]
[Site "Nuremberg"]
[Date "2017.09.16"]
[Round "2"]
[White "Leopold, Christian"]
[Black "Laber, Johnatan"]
[Result "1-0"]
[WhiteElo "1956"]
[BlackElo "1576"]
[PlyCount "55"]
[EventDate "2017.09.15"]
[EventType "swiss"]
[EventRounds "5"]
[EventCountry "GER"]
[SourceTitle "EXT 2022"]
[Source "ChessBase"]
[SourceDate "2021.10.06"]
[SourceVersion "1"]
[SourceVersionDate "2021.10.06"]
[SourceQuality "1"]

1. e4 c5 2. Nc3 d6 3. g3 Nf6 4. Bg2 g6 5. d3 Bg7 6. h3 0-0 7. Be3 Nc6 8. Nge2 Bd7 9. 0-0 Rc8 10. f4 e6 11. g4 b6 12. g5 Nh5 13. Bf3 e5 14. Bxh5 gxh5 15. f5 f6 16. h4 fxg5 17. hxg5 Nd4 18. Ng3 Be8 19. f6 Bh8 20. Nd5 Rf7 21. Nxh5 Qd7 22. c3 Nc2 23. Qxc2 Qg4+ 24. Qg2 Qxh5 25. Ne7+ Rxe7 26. fxe7 Rc7 27. Rf8+ Kg7 28. Qf2 1-0

[Event "Mittelfranken-chTB1 1617"]
[Site "Mittelfranken"]
[Date "2016.12.11"]
[Round "4.4"]
[White "Leopold, Christian"]
[Black "Zeltner, Ottmar"]
[Result "1/2-1/2"]
[WhiteElo "1956"]
[BlackElo "1872"]
[PlyCount "50"]
[EventDate "2016.10.23"]
[EventType "team-tourn"]
[EventRounds "9"]
[EventCountry "GER"]
[SourceTitle "EXT 2022"]
[Source "ChessBase"]
[SourceDate "2021.10.06"]
[SourceVersion "1"]
[SourceVersionDate "2021.10.06"]
[SourceQuality "1"]
[WhiteTeam "Lauf SV"]
[BlackTeam "Rothenburg"]
[WhiteTeamCountry "GER"]
[BlackTeamCountry "GER"]

1. e4 e5 2. Bc4 Nf6 3. d3 Nc6 4. Nc3 Na5 5. Qf3 Nxc4 6. dxc4 d6 7. Nge2 Be6 8. b3 Bg4 9. Qg3 Bxe2 10. Kxe2 Qd7 11. f3 Be7 12. Nd5 Nxd5 13. cxd5 0-0-0 14. Qf2 b6 15. a4 f5 16. Qe3 h6 17. Qd3 fxe4 18. Qxe4 Rhf8 19. Be3 Bg5 20. Bxg5 hxg5 21. Qg6 e4 22. Qxg5 exf3+ 23. gxf3 Rf5 24. Qg4 Re5+ 25. Kf2 Qxg4 1/2-1/2

[Event "Mittelfranken-chTB1 1617"]
[Site "Mittelfranken"]
[Date "2016.10.23"]
[Round "1.4"]
[White "Kaiser, Harald"]
[Black "Leopold, Christian"]
[Result "1/2-1/2"]
[WhiteElo "1989"]
[BlackElo "1956"]
[PlyCount "41"]
[EventDate "2016.10.23"]
[EventType "team-tourn"]
[EventRounds "9"]
[EventCountry "GER"]
[SourceTitle "EXT 2022"]
[Source "ChessBase"]
[SourceDate "2021.10.06"]
[SourceVersion "1"]
[SourceVersionDate "2021.10.06"]
[SourceQuality "1"]
[WhiteTeam "Bechhofen"]
[BlackTeam "Lauf SV"]
[WhiteTeamCountry "GER"]
[BlackTeamCountry "GER"]

1. e4 c5 2. d4 cxd4 3. c3 dxc3 4. Nxc3 Nc6 5. Nf3 d6 6. Bc4 a6 7. Bg5 Nf6 8. h3 e6 9. 0-0 Be7 10. Qe2 0-0 11. Rfd1 Bd7 12. Rd2 b5 13. Bb3 Qc7 14. Rad1 Rad8 15. a3 Ne5 16. Nd4 Rfe8 17. Kh1 Nc6 18. Nf3 Bc8 19. Bf4 Ne5 20. Nd4 Bf8 21. Bg5 1/2-1/2

[Event "Nuremberg Zabo op 18th"]
[Site "Nuremberg"]
[Date "2016.09.18"]
[Round "4"]
[White "Boehme, Andre"]
[Black "Leopold, Christian"]
[Result "0-1"]
[WhiteElo "1783"]
[BlackElo "1936"]
[PlyCount "52"]
[EventDate "2016.09.16"]
[EventType "swiss"]
[EventRounds "5"]
[EventCountry "GER"]
[SourceTitle "EXT 2018"]
[Source "ChessBase"]
[SourceDate "2017.10.13"]
[SourceVersion "1"]
[SourceVersionDate "2017.10.13"]
[SourceQuality "1"]

1. e4 c5 2. Nf3 d6 3. d4 cxd4 4. Nxd4 Nf6 5. Nc3 a6 6. Bg5 e6 7. f4 Qb6 8. Nb3 Nbd7 9. Qf3 Qc7 10. 0-0-0 Be7 11. Nd4 0-0 12. g4 b5 13. h4 b4 14. Nce2 Bb7 15. Ng3 Nc5 16. Bd3 Rac8 17. Kb1 Rfe8 18. h5 d5 19. Bxf6 dxe4 20. Bxe4 Nxe4 21. Nxe4 Bxf6 22. Rh2 Bxd4 23. Rxd4 f5 24. gxf5 exf5 25. Qb3+ Kh8 26. Nf2 Qxf4 0-1

[Event "Nuremberg Zabo op 18th"]
[Site "Nuremberg"]
[Date "2016.09.18"]
[Round "5"]
[White "Leopold, Christian"]
[Black "Wagner, Florian"]
[Result "0-1"]
[WhiteElo "1936"]
[BlackElo "2083"]
[PlyCount "100"]
[EventDate "2016.09.16"]
[EventType "swiss"]
[EventRounds "5"]
[EventCountry "GER"]
[SourceTitle "EXT 2018"]
[Source "ChessBase"]
[SourceDate "2017.10.13"]
[SourceVersion "1"]
[SourceVersionDate "2017.10.13"]
[SourceQuality "1"]

1. e4 e5 2. Bc4 Nf6 3. d3 c6 4. Nf3 d5 5. Bb3 a5 6. a3 a4 7. Ba2 Bd6 8. Nc3 Be6 9. Bg5 d4 10. Ne2 Bxa2 11. Rxa2 h6 12. Bh4 g5 13. Bg3 Qe7 14. c3 c5 15. c4 Nbd7 16. b3 Nb6 17. 0-0 Nfd7 18. Nd2 Qe6 19. f3 0-0 20. Be1 Rfb8 21. Nb1 axb3 22. Qxb3 Na4 23. Qb5 Bc7 24. Ng3 Nf6 25. Nf5 Ne8 26. Raf2 Bd8 27. Nxh6+ Kh7 28. Nf5 Nc7 29. Qb3 b5 30. Qd1 bxc4 31. f4 exf4 32. Qh5+ Kg8 33. Rxf4 gxf4 34. Rxf4 Ra6 35. Rg4+ Qg6 36. Nd2 c3 37. Nc4 Qxg4 38. Qxg4+ Rg6 39. Qe2 Rb1 40. Kf1 Rc1 41. Ne5 c2 42. h4 Nc3 43. Qd2 Na2 44. Nxg6 fxg6 45. Qh6 Rxe1+ 46. Kf2 Rf1+ 47. Ke2 gxf5 48. Qg6+ Kf8 49. Qd6+ Be7 50. Qh6+ Ke8 0-1

[Event "Mittelfranken-chTB2b 1415"]
[Site "Mittelfranken"]
[Date "2014.12.14"]
[Round "4.2"]
[White "Balle, Alfred"]
[Black "Leopold, Christian"]
[Result "0-1"]
[WhiteElo "1861"]
[BlackElo "1922"]
[PlyCount "78"]
[EventDate "2014.09.28"]
[EventType "team-tourn"]
[EventRounds "9"]
[EventCountry "GER"]
[SourceTitle "EXT 2020"]
[Source "ChessBase"]
[SourceDate "2019.10.17"]
[SourceVersion "1"]
[SourceVersionDate "2019.10.17"]
[SourceQuality "1"]
[WhiteTeam "Forchheim III"]
[BlackTeam "Lauf SV"]
[WhiteTeamCountry "GER"]
[BlackTeamCountry "GER"]

1. e4 c5 2. Nf3 d6 3. d4 cxd4 4. Nxd4 Nf6 5. Nc3 a6 6. Be2 e6 7. 0-0 Be7 8. Be3 0-0 9. f4 Nc6 10. Bf3 Qc7 11. Nce2 e5 12. Nxc6 Qxc6 13. Nc3 b5 14. Nd5 Nxd5 15. exd5 Qc7 16. fxe5 Bf5 17. c3 Rae8 18. a4 dxe5 19. axb5 Bc5 20. Qd2 axb5 21. Qf2 Bxe3 22. Qxe3 Qd6 23. Be2 Bd7 24. Rfd1 Ra8 25. Rxa8 Rxa8 26. b4 Ra3 27. Qc5 Qb8 28. h3 e4 29. Qe7 Bxh3 30. d6 Rxc3 31. gxh3 f5 32. Qe6+ Kh8 33. Qxf5 Rg3+ 34. Kf2 Rg6 35. Qxe4 Rf6+ 36. Kg2 h6 37. d7 Rf8 38. Bd3 g6 39. Qe5+ Qxe5 0-1

[Event "Mittelfranken-chTB2b 1415"]
[Site "Mittelfranken"]
[Date "2014.10.12"]
[Round "2.2"]
[White "Leopold, Christian"]
[Black "Maettig, Stefan"]
[Result "1-0"]
[WhiteElo "1922"]
[BlackElo "1925"]
[PlyCount "56"]
[EventDate "2014.09.28"]
[EventType "team-tourn"]
[EventRounds "9"]
[EventCountry "GER"]
[SourceTitle "EXT 2020"]
[Source "ChessBase"]
[SourceDate "2019.10.17"]
[SourceVersion "1"]
[SourceVersionDate "2019.10.17"]
[SourceQuality "1"]
[WhiteTeam "Lauf SV"]
[BlackTeam "Nuernberg NT IV"]
[WhiteTeamCountry "GER"]
[BlackTeamCountry "GER"]

1. e4 d6 2. d4 Nf6 3. Nc3 g6 4. Be3 Bg7 5. Qd2 0-0 6. 0-0-0 c6 7. Bh6 b5 8. Bd3 e5 9. dxe5 dxe5 10. h4 Bxh6 11. Qxh6 Ng4 12. Qd2 Qb6 13. Nh3 Kg7 14. h5 Nd7 15. f3 Ne3 16. Rde1 Nc4 17. Bxc4 bxc4 18. Nf2 Nf6 19. Nfd1 Qc7 20. hxg6 fxg6 21. Na4 a5 22. Ne3 Be6 23. Qc3 Rab8 24. Nc5 Qf7 25. Qxe5 Rfe8 26. Nxe6+ Rxe6 27. Qc3 a4 28. Nxc4 Kg8 1-0

[Event "Nuremberg Zabo op 15th"]
[Site "Nuremberg"]
[Date "2013.09.21"]
[Round "3"]
[White "Leopold, Christian"]
[Black "Schloetterer, Hermann"]
[Result "1-0"]
[WhiteElo "2080"]
[BlackElo "1793"]
[PlyCount "107"]
[EventDate "2013.09.20"]
[EventType "swiss"]
[EventRounds "5"]
[EventCountry "GER"]
[SourceTitle "EXT 2016"]
[Source "ChessBase"]
[SourceDate "2015.10.08"]
[SourceVersion "1"]
[SourceVersionDate "2015.10.08"]
[SourceQuality "1"]

1. e4 c5 2. Nc3 e6 3. g3 Nc6 4. Bg2 Nf6 5. d3 d6 6. f4 Be7 7. Nf3 Rb8 8. 0-0 Qc7 9. h3 b5 10. Ne2 Bb7 11. g4 0-0 12. Ng3 d5 13. e5 Nd7 14. c3 Rbe8 15. Be3 a5 16. d4 f6 17. exf6 gxf6 18. Nh5 Nd8 19. Nh4 Nf7 20. f5 e5 21. dxe5 Ndxe5 22. Nf4 Ng5 23. Nxd5 Bxd5 24. Qxd5+ Kh8 25. Rad1 Rd8 26. Qb3 c4 27. Qc2 Nd3 28. Bxg5 fxg5 29. Nf3 Qg3 30. Nd4 Qe3+ 31. Kh1 Rf6 32. Rf3 Qe4 33. Qd2 Rh6 34. Re3 Qxg4 35. Rxe7 Qxd1+ 36. Qxd1 Nf2+ 37. Kg1 Nxd1 38. Ne6 Rg8 39. Rb7 Nxb2 40. Rxb5 Nd3 41. Rxa5 g4 42. hxg4 Rxg4 43. Ra8+ Rg8 44. Rxg8+ Kxg8 45. Bd5 Ne5 46. a4 Kh8 47. a5 Rf6 48. a6 Rf7 49. Nd4 Rg7+ 50. Kf1 Ng4 51. Bb7 Ne3+ 52. Ke2 Ng4 53. a7 Re7+ 54. Kd2 1-0

[Event "Regionalliga NO 1213"]
[Site "Bayern"]
[Date "2013.01.13"]
[Round "5.1"]
[White "Bartsch, Berthold"]
[Black "Leopold, Christian"]
[Result "0-1"]
[WhiteElo "2155"]
[BlackElo "2080"]
[PlyCount "68"]
[EventDate "2012.10.14"]
[EventType "team-tourn"]
[EventRounds "9"]
[EventCountry "GER"]
[SourceTitle "EXT 2015"]
[Source "ChessBase"]
[SourceDate "2014.11.20"]
[SourceVersion "1"]
[SourceVersionDate "2014.11.20"]
[SourceQuality "1"]
[WhiteTeam "Forchheim II"]
[BlackTeam "Lauf"]
[WhiteTeamCountry "GER"]
[BlackTeamCountry "GER"]

1. c4 d6 2. Nc3 e5 3. g3 f5 4. Bg2 Nf6 5. d3 Be7 6. e4 c6 7. Nf3 0-0 8. 0-0 fxe4 9. dxe4 Bg4 10. h3 Bh5 11. b3 Nbd7 12. Qc2 Nc5 13. Nh4 Ne6 14. Nf5 Nd4 15. Qd3 c5 16. Bg5 Bf7 17. f4 Qd7 18. Rf2 Rae8 19. Raf1 Bd8 20. fxe5 dxe5 21. Nxg7 Kxg7 22. Rxf6 Bxf6 23. Bxf6+ Kg8 24. Qe3 Bg6 25. Nd5 Ne6 26. Bxe5 Rxf1+ 27. Bxf1 Kf8 28. Qh6+ Kf7 29. Nf6 Qd1 30. Nxe8 Kxe8 31. Qe3 Qb1 32. Qd3 Bxe4 33. Qd6 Ng5 34. Bf6 Nf3+ 0-1

[Event "Regionalliga NO 1213"]
[Site "Bayern"]
[Date "2012.11.25"]
[Round "3.1"]
[White "Lutz, Dieter"]
[Black "Leopold, Christian"]
[Result "1-0"]
[WhiteElo "2222"]
[BlackElo "2080"]
[PlyCount "49"]
[EventDate "2012.10.14"]
[EventType "team-tourn"]
[EventRounds "9"]
[EventCountry "GER"]
[SourceTitle "EXT 2015"]
[Source "ChessBase"]
[SourceDate "2014.11.20"]
[SourceVersion "1"]
[SourceVersionDate "2014.11.20"]
[SourceQuality "1"]
[WhiteTeam "Bechhofen"]
[BlackTeam "Lauf"]
[WhiteTeamCountry "GER"]
[BlackTeamCountry "GER"]

1. e4 d6 2. d4 Nf6 3. Nc3 e5 4. Nf3 Nbd7 5. Bc4 Be7 6. 0-0 0-0 7. h3 c6 8. a4 Nxe4 9. Nxe4 d5 10. Nxe5 Nxe5 11. dxe5 dxc4 12. Nd6 Bxd6 13. exd6 Be6 14. Qd4 Bd5 15. Bf4 Re8 16. Rfe1 Qd7 17. Rxe8+ Qxe8 18. Ra3 f6 19. Rg3 Qf7 20. Bh6 g6 21. Re3 Be6 22. Rf3 f5 23. Re3 Re8 24. Rxe6 Rxe6 25. d7 1-0